ARRUPE JESUIT UNIVERSITY

CORONAVIRUS -STOP THE SPREAD - CLEAN,DISINFECT,COVER

Many voices : (Record no. 118416)

MARC details
000 -LEADER
fixed length control field 00921cam a2200265 a 4500
001 - CONTROL NUMBER
control field 2543839
003 - CONTROL NUMBER IDENTIFIER
control field ARRUPE
005 - DATE AND TIME OF LATEST TRANSACTION
control field 20140328020011.0
008 - FIXED-LENGTH DATA ELEMENTS--GENERAL INFORMATION
fixed length control field 941108s1995 mdu 000 0 eng
010 ## - LIBRARY OF CONGRESS CONTROL NUMBER
LC control number 94044031
020 ## - INTERNATIONAL STANDARD BOOK NUMBER
International Standard Book Number 0819198366 (cloth)
020 ## - INTERNATIONAL STANDARD BOOK NUMBER
International Standard Book Number 0819198374 (pbk.)
040 ## - CATALOGING SOURCE
Original cataloging agency DLC
Transcribing agency DLC
Modifying agency DLC
050 00 - LIBRARY OF CONGRESS CALL NUMBER
Classification number BS1560
Item number .M29 1995
082 00 - DEWEY DECIMAL CLASSIFICATION NUMBER
Classification number 224/.906
Edition number 20
300 ## - PHYSICAL DESCRIPTION
Dimensions 22 cm.
245 00 - TITLE STATEMENT
Title Many voices :
Remainder of title multicultural responses to the Minor Prophets /
Statement of responsibility, etc edited by Alice Ogden Bellis.
260 ## - PUBLICATION, DISTRIBUTION, ETC. (IMPRINT)
Place of publication, distribution, etc Lanham :
Name of publisher, distributor, etc University Press of America,
Date of publication, distribution, etc c1995.
300 ## - PHYSICAL DESCRIPTION
Extent 101 p. ;
630 00 - SUBJECT ADDED ENTRY--UNIFORM TITLE
Uniform title Bible.
Name of part/section of a work Minor Prophets
General subdivision Criticism, interpretation, etc.
9 (RLIN) 2807
630 00 - SUBJECT ADDED ENTRY--UNIFORM TITLE
Uniform title Bible.
Name of part/section of a work Minor Prophets
General subdivision Meditations.
9 (RLIN) 2808
700 1# - ADDED ENTRY--PERSONAL NAME
Personal name Bellis, Alice Ogden,
Dates associated with a name 1950-
9 (RLIN) 2809
906 ## - LOCAL DATA ELEMENT F, LDF (RLIN)
a 7
b cbc
c orignew
d 1
e ocip
f 19
g y-gencatlg
942 ## - ADDED ENTRY ELEMENTS (KOHA)
Source of classification or shelving scheme Library of Congress Classification
Koha item type Monograph ( Printed materials)
Koha issues (borrowed), all copies 1
Holdings
Withdrawn status Lost status Source of classification or shelving scheme Damaged status Not for loan Home library Current library Date acquired Total Checkouts Full call number Barcode Date last seen Date checked out Price effective from Koha item type
    Library of Congress Classification     ARRUPE LIBRARY ARRUPE LIBRARY 23/10/2013 2 BS1560 .M29 1994 46411517 28/03/2018 19/03/2018 23/10/2013 Monograph ( Printed materials)

 

Arrupe Library. PO Box MP320 Mt Pleasant, Harare, Zimbabwe
263 242 745411|librarian@aju.ac.zw